000 00559nam a2200241Ia 4500
003 IT-RoPAU
008 120407s9999 xx 000 0 und d
040 _aIT-RoPAU
040 _cIT-RoPAU
041 _aita
100 _aJean Guglielmi
245 _a"L’insegnamento programmatico nella scuola. Saggio di psicopedagogia."
250 _aRoma
260 _aEdizioni Paoline
260 _c1972
300 _a184 p.
300 _c18 cm
490 _aPsycologica, III, 35.
490 _v1
600 _a1. titolo.
942 _cBK
999 _c27596
_d27596